Land Governance and Gender : The Tenure-Gender Nexus in Land Management and Land Policy.

This book offers conceptual and empirical studies of land governance, focusing on land management approaches, land policy issues, advances in pro-poor land tenure, and land -based gender concerns. Topics include creating new understandings, exploring alternative approaches for land managment and lan...

Full description

Bibliographic Details
Main Author: Chigbu, Uchendu Eugene.
Format: eBook
Language:English
Published: Oxford : CAB International, 2021.
Edition:1st ed.
Subjects:
Online Access:Click to View
LEADER 04157nam a22003973i 4500
001 EBC6812058
003 MiAaPQ
005 20240729202203.0
006 m o d |
007 cr cnu||||||||
008 240729s2021 xx o ||||0 eng d
020 |a 9781789247688  |q (electronic bk.) 
020 |z 9781789247664 
035 |a (MiAaPQ)EBC6812058 
035 |a (Au-PeEL)EBL6812058 
035 |a (OCoLC)1298388984 
040 |a MiAaPQ  |b eng  |e rda  |e pn  |c MiAaPQ  |d MiAaPQ 
082 0 |a 333.3 
100 1 |a Chigbu, Uchendu Eugene. 
245 1 0 |a Land Governance and Gender :  |b The Tenure-Gender Nexus in Land Management and Land Policy. 
250 |a 1st ed. 
264 1 |a Oxford :  |b CAB International,  |c 2021. 
264 4 |c ©2022. 
300 |a 1 online resource (372 pages) 
336 |a text  |b txt  |2 rdacontent 
337 |a computer  |b c  |2 rdamedia 
338 |a online resource  |b cr  |2 rdacarrier 
505 0 |a Intro -- Title page -- Copyright -- Contents -- List of Contributors -- Foreword -- Acknowledgement -- 1 Introducing Land Governance and Gender in the Context of Land Tenure -- Part 1: Concepts, Debates and Perspectives on the Governance and Gender Aspects of Land -- 2 Gender, Structural Inequality and Just Governance -- 3 Land Tenure and the Nuanced Gender Debates in Sub-Saharan Africa: Realities and Illusions -- 4 Land Governance and Gender in Support of the Global Agenda 2030 -- 5 Governing African Land in an Era of Instability -- Part 2: Tenure-Gender Dimensions in Land Management, Land Administration and Land Policy -- 6 Advancing Women's Position by Recognizing and Strengthening Customary Land Rights: Lessons from Community-Based Land Interventions in Mozambique -- 7 Women's Insights on Bargaining for Land in Customary Tenure Systems: Land Access as an Individual and Collective Issue -- 8 Gender-Sensitivity in Land Management: Trajectory of Housing, Agriculture and Land Ownership in South Korea -- 9 Analysing Non-Legal Barriers to Land Ownership by Women -- Part 3: Applications and Experiences: Techniques, Strategies, Tools, Methods and Case Studies -- 10 The Evolvement of Land Consolidation in Rural China from the Perspective of Governing Tension between Construction Land Expansion and Farmland Protection -- 11 Discourse on Women and Land Tenure in Ghana: Does a Matrilineal Land Tenure System Make a Difference for Women? -- 12 The Gender Dimensions of Land Tenure Reforms in Ethiopia 1995-2020 -- 13 The Paradox of Islamic Land Governance and Gender Equality -- Part 4: Land Governance, Gender and Tenure Innovations -- 14 Transforming Legal Status of Customary Land Rights: What this Means for Women and Men in Rural Africa -- 15 Women and Land Inheritance under Legal Pluralism in Lesotho. 
505 8 |a 16 Tenure-Responsive Zoning Regulations for Better Gender Equality in Land Management in Kigali City, Rwanda -- 17 New Hope and Future for Rural Areas under COVID-19 Circumstances? Rural Development, Pandemic Liveability and Reverse Migration -- 18 Using Urban Literacy to Strengthen Land Governance and Women's Empowerment in Peri-Urban Communities of San Andrés Cholula, Mexico -- 19 Land Governance and Gender for a Tenure-Responsive Future -- Index -- Back Cover. 
520 |a This book offers conceptual and empirical studies of land governance, focusing on land management approaches, land policy issues, advances in pro-poor land tenure, and land -based gender concerns. Topics include creating new understandings, exploring alternative approaches for land managment and land tenure and viewing vistas of tenure experiences. 
588 |a Description based on publisher supplied metadata and other sources. 
590 |a Electronic reproduction. Ann Arbor, Michigan : ProQuest Ebook Central, 2024. Available via World Wide Web. Access may be limited to ProQuest Ebook Central affiliated libraries.  
655 4 |a Electronic books. 
776 0 8 |i Print version:  |a Chigbu, Uchendu Eugene  |t Land Governance and Gender  |d Oxford : CAB International,c2021  |z 9781789247664 
797 2 |a ProQuest (Firm) 
856 4 0 |u https://ebookcentral.proquest.com/lib/matrademy/detail.action?docID=6812058  |z Click to View